=LDR 00000nam 2200000 4500 =001 001020 =005 20250712030526 =035 ##$$a 0010-0725000899 =007 ta =008 250712################a##########0#ind## =020 ##$$a 978-623-307-333-2 =082 ##$$a 398. 209 598 =084 ##$$a 398. 209 598 RAV a =100 #$$a Ravi, Greetha =245 1#$$a Aisyah : $b Menghilangkan Kebiasaan Buruknya /$c Greetha Ravi =250 ##$$a Cetakan Kedua =260 ##$$a Jakarta Timur :$b Badan Pengembangan dan Pembinaan Bahasa,$c 2024 =300 ##$$a 18 hlm. : $b Ilus. ; $c 29 cm =650 #4$$a Cerita anak Indonesia-Terjemahan =650 #4$$a Literasi-Bahan Bacaan =990 ##$$a TBM2024006254